000 01560 a2200289 4500
003 Nust
005 20170207154044.0
010 _a 2007012087
020 _a0470074698 (cloth)
020 _a9780470074695 (cloth)
035 _a(OCoLC)ocm86172964
040 _cNust
082 0 0 _a621.384
100 1 _aSiriwongpairat, W. Pam,
245 1 0 _aUltra-wideband communications systems :multiband OFDM approach (E-BOOK)
_cW. Pam Siriwongpairat, K.J. Ray Liu.
260 _aHoboken, N.J. :
_bJohn Wiley & Sons :
_bIEEE Press,
_cc2008.
300 _axv, 229 p. :
_bill. ;
_c25 cm.
440 0 _aWiley series in telecommunications and signal processing
505 0 _aChapter 1 Introduction (Page-1) Chapter 2 Channel Characteristics(Page-9) Chapter 3 UWB: Single-Band Approaches(Page-19) Chapter 4 UWB: Multiband OFDM Approach(Page-53) Chapter 5 MIMO Multiband OFDM(Page-75) Chapter 7 Performance Under Practical Considerations(Page-121) Chapter 8 Differential Multiband OFDM(Page-155) Chapter 9 Power-Controlled Channel Allocation(Page-171) Chapter 10 Cooperative UWB Multiband OFDM(Page-189)
650 0 _aOrthogonal frequency division multiplexing.
650 0 _aUltra-wideband devices.
651 _aE-BOOK
700 1 _aLiu, K. J. Ray,
_d1961-
856 4 1 _3Contributor biographical information
_uhttp://www.loc.gov/catdir/enhancements/fy0806/2007012087-b.html
856 4 1 _3Publisher description
_uhttp://www.loc.gov/catdir/enhancements/fy0741/2007012087-d.html
856 4 1 _3Table of contents only
_uhttp://www.loc.gov/catdir/toc/ecip0713/2007012087.html
942 _2ddc
_cBK
999 _c192770
_d192770